[Event "85th ch-GER 2014"]
[Site "Verden an der Aller GER"]
[Date "2014.11.21"]
[Round "1.1"]
[White "Bastian, Herbert"]
[Black "Fridman, Daniel"]
[Result "0-1"]
[WhiteTitle "IM"]
[BlackTitle "GM"]
[WhiteElo "2317"]
[BlackElo "2639"]
[WhiteFideId "4601700"]
[BlackFideId "11600454"]
[EventDate "2014.11.21"]

1. e4 c5 2. Nc3 Nc6 3. g3 g6 4. Bg2 Bg7 5. d3 d6 6. Be3 Nf6 7. h3 O-O 8. Qd2 Nd4
9. Nce2 e5 10. c3 Nc6 11. Nf3 d5 12. exd5 Qxd5 13. Nh4 Qd6 14. O-O Rd8 15. Rfd1
Qf8 16. Qc2 Be6 17. a3 Rac8 18. c4 Rd7 19. Qa4 a6 20. Nf3 h6 21. Nc3 Bf5 22. Ne4
Nxe4 23. dxe4 Rxd1+ 24. Rxd1 Bxe4 25. Rd7 Qe8 26. Rxb7 Nd4 27. Qxe8+ Rxe8 28.
Bxd4 Bxb7 29. Bxc5 e4 30. Nd2 Bxb2 31. Bb4 f5 32. Nb3 Rd8 33. Na5 Rd1+ 34. Kh2
Ba8 35. Nb3 g5 0-1

[Event "85th ch-GER 2014"]
[Site "Verden an der Aller GER"]
[Date "2014.11.21"]
[Round "1.3"]
[White "Asendorf, Joachim"]
[Black "Kunin, Vitaly"]
[Result "0-1"]
[WhiteTitle "FM"]
[BlackTitle "GM"]
[WhiteElo "2298"]
[BlackElo "2585"]
[WhiteFideId "4639260"]
[BlackFideId "4128737"]
[EventDate "2014.11.21"]

1. c4 e5 2. g3 Nc6 3. Nc3 Bc5 4. Bg2 a6 5. a3 d6 6. b4 Ba7 7. d3 Nf6 8. e3 Bg4
9. Nge2 Qc8 10. h3 Be6 11. Nd5 Ng8 12. Bb2 Nd8 13. d4 f6 14. Qd3 Nf7 15. f4 c6
16. Ndc3 Ne7 17. d5 Bd7 18. g4 Qc7 19. Ng3 Qb6 20. dxc6 Bxc6 21. Bxc6+ bxc6 22.
Nd1 exf4 23. exf4 O-O 24. Ne2 Ng6 25. h4 Rfe8 26. Kd2 a5 27. Bc3 axb4 28. axb4
c5 29. b5 d5 30. Ra6 dxc4 31. Qxc4 Qb7 32. Rh2 Re4 33. Qa2 Rd8+ 34. Kc1 Bb8 0-1

[Event "85th ch-GER 2014"]
[Site "Verden an der Aller GER"]
[Date "2014.11.21"]
[Round "1.4"]
[White "Khenkin, Igor"]
[Black "Mueller, Reinhold"]
[Result "1-0"]
[WhiteTitle "GM"]
[BlackTitle "FM"]
[WhiteElo "2575"]
[BlackElo "2289"]
[WhiteFideId "4659600"]
[BlackFideId "24605875"]
[EventDate "2014.11.21"]

1. d4 Nf6 2. Nf3 g6 3. c4 Bg7 4. Nc3 c5 5. d5 e6 6. e4 exd5 7. exd5 O-O 8. h3
Re8+ 9. Be2 d6 10. O-O Ne4 11. Nxe4 Rxe4 12. Bd3 Re8 13. Bg5 Bf6 14. Qd2 Nd7 15.
Bxf6 Nxf6 16. Rfe1 b5 17. cxb5 Bb7 18. Bc4 Qd7 19. Qd3 Rxe1+ 20. Rxe1 Re8 21.
Re3 Rxe3 22. fxe3 Qe7 23. a4 Qe4 24. Qxe4 Nxe4 25. a5 Kf8 26. Kf1 Nf6 27. Nd2
Nxd5 28. a6 Ba8 29. Bxd5 Bxd5 30. e4 Ba8 31. Nc4 Ke7 32. b6 axb6 33. Nxb6 Bxe4
34. a7 Ke6 35. a8=Q Bxa8 36. Nxa8 Kd5 37. Nb6+ Kd4 38. Ke2 f5 39. h4 Ke4 40. Nd7
h6 41. Nf6+ Kf4 42. Kf2 g5 43. h5 g4 44. g3+ Ke5 45. Ng8 d5 46. Nxh6 Kf6 47. Ke3
Kg5 48. Nf7+ Kxh5 49. Kf4 d4 50. Ne5 1-0

[Event "85th ch-GER 2014"]
[Site "Verden an der Aller GER"]
[Date "2014.11.21"]
[Round "1.5"]
[White "Kollars, Dmitrij"]
[Black "Stern, Rene"]
[Result "1/2-1/2"]
[BlackTitle "GM"]
[WhiteElo "2283"]
[BlackElo "2546"]
[WhiteFideId "12909572"]
[BlackFideId "4611799"]
[EventDate "2014.11.21"]

1. c4 e6 2. g3 d5 3. Bg2 Nf6 4. Nf3 Be7 5. O-O O-O 6. b3 c5 7. e3 Nc6 8. Bb2
dxc4 9. bxc4 Qc7 10. Qe2 a6 11. Nc3 Rb8 12. Rab1 b6 13. Ne1 Na7 14. a4 Bb7 15.
Bxb7 Rxb7 16. f4 Rfb8 17. Ba1 Qc6 18. Nf3 Nd7 19. d3 h6 20. Nd2 f5 21. g4 fxg4
22. Qxg4 Nf6 23. Qe2 b5 24. axb5 axb5 25. cxb5 Nxb5 26. Nxb5 Rxb5 27. Rxb5 Qxb5
28. Nc4 Qb3 29. Be5 Ra8 30. Qd1 Qxd1 31. Rxd1 Nd5 32. Kf2 g5 33. Kf3 Kh7 34. Ra1
Rxa1 35. Bxa1 gxf4 36. exf4 Kg6 37. Ke4 Bf6 38. Be5 Kf7 39. f5 Nc3+ 40. Bxc3
Bxc3 41. Ne5+ Ke7 1/2-1/2

[Event "85th ch-GER 2014"]
[Site "Verden an der Aller GER"]
[Date "2014.11.21"]
[Round "1.6"]
[White "Bluebaum, Matthias"]
[Black "Steffens, Olaf"]
[Result "1-0"]
[WhiteTitle "IM"]
[BlackTitle "FM"]
[WhiteElo "2537"]
[BlackElo "2279"]
[WhiteFideId "24651516"]
[BlackFideId "4630564"]
[EventDate "2014.11.21"]

1. d4 d5 2. c4 Nc6 3. Nc3 Nf6 4. Nf3 Bg4 5. cxd5 Nxd5 6. e4 Bxf3 7. gxf3 Nxc3 8.
bxc3 e5 9. Rb1 Bd6 10. Rxb7 O-O 11. Qa4 Nb8 12. Rg1 Kh8 13. Bg5 f6 14. Be3 Nd7
15. Bh3 Qc8 16. Qc6 Nb8 17. Qxd6 cxd6 18. Bxc8 Rxc8 19. Rgxg7 Nc6 20. Rxh7+ Kg8
21. Rbg7+ Kf8 22. Bh6 1-0

[Event "85th ch-GER 2014"]
[Site "Verden an der Aller GER"]
[Date "2014.11.21"]
[Round "1.7"]
[White "Krause, Ullrich"]
[Black "Svane, Rasmus"]
[Result "0-1"]
[WhiteTitle "FM"]
[BlackTitle "IM"]
[WhiteElo "2276"]
[BlackElo "2509"]
[WhiteFideId "4613058"]
[BlackFideId "4657101"]
[EventDate "2014.11.21"]

1. Nf3 Nf6 2. g3 b6 3. Bg2 Bb7 4. O-O g6 5. d3 Bg7 6. e4 d6 7. Nbd2 O-O 8. Re1
Nbd7 9. a4 a5 10. Nc4 e6 11. e5 dxe5 12. Nfxe5 Bxg2 13. Kxg2 Nxe5 14. Nxe5 Qd6
15. Nc4 Qd5+ 16. Qf3 Nd7 17. Bf4 c6 18. c3 Ra6 19. Ne5 Bxe5 20. Bxe5 f6 21. Qxd5
cxd5 22. Bd6 Re8 23. d4 Kf7 24. f3 Rc8 25. Bf4 Ra7 26. g4 Rb7 27. Re2 b5 28.
axb5 Rxb5 29. Bd6 Rc6 30. Ba3 Rb3 31. f4 Nb6 32. f5 gxf5 33. gxf5 Nc4 34. Bc5 e5
35. Kf3 e4+ 36. Kf4 Rc8 37. Ra2 Rcb8 38. Ba3 Rg8 39. Ra1 h5 40. h3 h4 41. Rf1
Rg3 42. Rff2 Rb8 43. Bc5 Re8 44. Rg2 Rf3+ 0-1

[Event "85th ch-GER 2014"]
[Site "Verden an der Aller GER"]
[Date "2014.11.21"]
[Round "1.8"]
[White "Bischoff, Klaus"]
[Black "Hoeffer, David"]
[Result "1/2-1/2"]
[WhiteTitle "GM"]
[WhiteElo "2502"]
[BlackElo "2276"]
[WhiteFideId "4600045"]
[BlackFideId "24606766"]
[EventDate "2014.11.21"]

1. d4 Nf6 2. Nf3 g6 3. c4 Bg7 4. Nc3 O-O 5. e4 d6 6. Be2 e5 7. d5 a5 8. Bg5 h6
9. Bh4 g5 10. Bg3 Nh5 11. Nd2 Nf4 12. O-O Bd7 13. Bg4 Na6 14. Bxd7 Qxd7 15. f3
Nc5 16. Bf2 Ncd3 17. Rb1 Nxf2 18. Rxf2 h5 19. Nf1 f5 20. Ne3 fxe4 21. fxe4 g4
22. Nf5 Bf6 23. Ne2 Bg5 24. Nxf4 exf4 25. h4 Rxf5 26. exf5 Bxh4 27. Rxf4 Bg3 28.
Qd4 Bxf4 29. Qxf4 Re8 30. Qg5+ Qg7 31. Qxh5 Qd4+ 32. Kh2 Qf4+ 33. Kg1 Qd4+ 34.
Kh2 Qf4+ 35. Kg1 Qd4+ 1/2-1/2

[Event "85th ch-GER 2014"]
[Site "Verden an der Aller GER"]
[Date "2014.11.21"]
[Round "1.9"]
[White "Skibbe, Willi"]
[Black "Poetsch, Hagen"]
[Result "1-0"]
[WhiteTitle "FM"]
[BlackTitle "IM"]
[WhiteElo "2274"]
[BlackElo "2498"]
[WhiteFideId "4682190"]
[BlackFideId "24615137"]
[EventDate "2014.11.21"]

1. c4 b6 2. g3 Bb7 3. Nf3 Bxf3 4. exf3 c5 5. d4 cxd4 6. Qxd4 Nc6 7. Qd1 e6 8.
Bg2 Bb4+ 9. Nd2 Nf6 10. O-O O-O 11. Ne4 Rc8 12. Bg5 Be7 13. Nd6 Bxd6 14. Qxd6
Ne4 15. Qxc6 Nxg5 16. Qd6 f6 17. f4 Nf7 18. Qd3 Qc7 19. b3 Rfd8 20. Rad1 Qc5 21.
Rd2 Rc7 22. Rfd1 a6 23. a4 a5 24. Qe2 Qb4 25. Rd3 Qe7 26. R1d2 g6 27. h4 Kg7 28.
Bf3 h6 29. h5 g5 30. Qe4 gxf4 31. gxf4 Kh8 32. Bd1 Qc5 33. Kf1 f5 34. Qg2 Rg8
35. Qh3 Qe7 36. Qe3 Qh4 37. Bf3 Qh3+ 38. Ke2 Rg1 39. Rd1 Rxd1 40. Rxd1 Qh4 41.
Qd4+ Kg8 42. Rh1 Qe7 43. Rg1+ Kf8 44. Qg7+ Ke8 45. Qg8+ Qf8 46. Qh7 1-0

[Event "85th ch-GER 2014"]
[Site "Verden an der Aller GER"]
[Date "2014.11.21"]
[Round "1.10"]
[White "Wagner, Dennis"]
[Black "Harff, Marcel"]
[Result "1-0"]
[WhiteTitle "IM"]
[BlackTitle "FM"]
[WhiteElo "2484"]
[BlackElo "2273"]
[WhiteFideId "24650684"]
[BlackFideId "24621382"]
[EventDate "2014.11.21"]

1. d4 d5 2. c4 e6 3. Nc3 Nf6 4. cxd5 exd5 5. Bg5 Be7 6. e3 O-O 7. Bd3 h6 8. Bh4
Re8 9. Nge2 Nbd7 10. O-O b6 11. Bb5 g5 12. Bg3 Bb7 13. Rc1 a6 14. Bd3 c5 15. Bb1
c4 16. f3 Bf8 17. Bf2 b5 18. a3 Bc6 19. Ng3 Bg7 20. e4 Nf8 21. e5 N6d7 22. f4
gxf4 23. Nf5 Ng6 24. h4 Ne7 25. Nxg7 Kxg7 26. Qg4+ Kh8 27. Qxf4 Ng8 28. Qxf7 Nf8
29. Qh5 Re6 30. Be3 Qe8 31. Qf3 Rd8 32. Ne2 Re7 33. Bxh6 1-0

[Event "85th ch-GER 2014"]
[Site "Verden an der Aller GER"]
[Date "2014.11.21"]
[Round "1.11"]
[White "Siebrecht, Sebastian"]
[Black "Buchal, Stephan"]
[Result "1/2-1/2"]
[WhiteTitle "GM"]
[BlackTitle "FM"]
[WhiteElo "2464"]
[BlackElo "2255"]
[WhiteFideId "4609352"]
[BlackFideId "4603915"]
[EventDate "2014.11.21"]

1. d4 g6 2. e4 Bg7 3. Nc3 d6 4. h4 Nf6 5. Be2 c5 6. d5 h5 7. Nh3 Bxh3 8. Rxh3
Nbd7 9. Bg5 a6 10. a4 O-O 11. Kf1 Ne5 12. Bxf6 Bxf6 13. f4 Nd7 14. g4 hxg4 15.
Bxg4 Kg7 16. h5 Bxc3 17. bxc3 Nf6 18. Qf3 Rh8 19. Ke2 Qc7 20. Rah1 gxh5 21. Bxh5
Rag8 22. c4 Kf8 23. R1h2 Rh7 24. Bg4 Rxh3 25. Bxh3 Qa5 26. e5 Ne8 27. e6 Qxa4
28. Qd3 Nf6 29. Bf5 b5 30. exf7 Kxf7 31. Be6+ Kf8 32. Bxg8 Nxg8 33. cxb5 axb5
34. Qf5+ Nf6 35. Rh5 Qc4+ 36. Ke1 Qc3+ 37. Ke2 Qc4+ 38. Ke1 Qc3+ 1/2-1/2

[Event "85th ch-GER 2014"]
[Site "Verden an der Aller GER"]
[Date "2014.11.21"]
[Round "1.12"]
[White "Hundack, Rolf"]
[Black "Jugelt, Tobias"]
[Result "1/2-1/2"]
[BlackTitle "IM"]
[WhiteElo "2223"]
[BlackElo "2404"]
[WhiteFideId "4653092"]
[BlackFideId "4626150"]
[EventDate "2014.11.21"]

1. c4 f5 2. d4 Nf6 3. g3 g6 4. Bg2 Bg7 5. Nf3 O-O 6. O-O d6 7. Nc3 c6 8. b3 Qe8
9. Qc2 e5 10. dxe5 dxe5 11. e4 f4 12. gxf4 Nh5 13. Nxe5 g5 14. Nd3 Nxf4 15. Bxf4
gxf4 16. Bf3 Bh3 17. Rfe1 Na6 18. Kh1 Nc7 19. Rg1 Ne6 20. Ne2 Rd8 21. Rad1 Qe7
22. Ne1 Rxd1 23. Qxd1 Ng5 24. Qc2 Kh8 25. Nc1 Bd4 26. Qe2 Re8 27. Nc2 Bg7 28.
Re1 Qe6 29. Nd3 Rf8 30. Rg1 h6 31. Nce1 Bc3 32. Ng2 Nxf3 33. Qxf3 Bg4 34. Ndxf4
Bxf3 35. Nxe6 Re8 36. Nc5 Bd4 37. Nd3 Rxe4 38. Ne1 Be2 39. Ne3 Rf4 40. Kg2 a5
41. N1c2 Bf3+ 42. Kf1 Be5 43. Ne1 Be4 44. Ke2 Bg7 45. f3 Bh7 46. N1g2 Rf7 47.
Rd1 Bg6 48. Rd8+ Kh7 49. Rd1 Bh5 50. Ng4 Re7+ 51. Kf2 Bg6 52. Nf4 Bf7 53. Rd6 a4
54. Nf6+ Bxf6 55. Rxf6 a3 56. Rd6 b5 57. Rxc6 bxc4 58. bxc4 Rb7 59. Nd3 Bg6 60.
Ne5 Bb1 61. Kg3 Bxa2 62. Ra6 Rb3 63. Ra7+ Kg8 64. c5 Rc3 65. Ng4 Be6 66. Nf6+
Kf8 67. Ne4 Rb3 68. c6 Rb6 69. Rxa3 Rxc6 70. Ra7 Bd5 71. Kf4 Rc2 72. h4 Rh2 73.
Kg3 Rh1 74. Nf6 Bf7 75. Ng4 h5 76. Ne3 Be6 77. Ng2 Rh3+ 78. Kf4 Bd5 79. Ra3 Bc6
80. Rc3 Bb7 81. Rb3 Bd5 82. Rd3 Bc6 83. Rc3 Bb7 84. Rb3 Bd5 85. Rd3 Bc4 86. Rc3
Be2 87. Re3 Bf1 88. Ne1 Rxh4+ 89. Kg5 Rh1 90. Kf6 Bb5 91. Ng2 Be8 92. Nf4 Ra1
93. Ne6+ Kg8 94. f4 Ra7 95. f5 Rf7+ 96. Kg5 Bd7 97. Ra3 Bxe6 98. fxe6 Rf1 99.
Ra8+ Rf8 100. Ra7 Rf1 101. Rd7 Kf8 102. Kxh5 1/2-1/2

[Event "85th ch-GER 2014"]
[Site "Verden an der Aller GER"]
[Date "2014.11.21"]
[Round "1.13"]
[White "Schmid, Roland GER"]
[Black "Meins, Gerlef"]
[Result "1/2-1/2"]
[BlackTitle "IM"]
[WhiteElo "2249"]
[BlackElo "2443"]
[WhiteFideId "24647810"]
[BlackFideId "4620895"]
[EventDate "2014.11.21"]

1. d4 Nf6 2. c4 e6 3. Nf3 Bb4+ 4. Bd2 Qe7 5. g3 Bxd2+ 6. Qxd2 Nc6 7. Nc3 d5 8.
Bg2 O-O 9. O-O dxc4 10. e3 e5 11. dxe5 Nxe5 12. Nxe5 Qxe5 13. Qe2 Qc5 14. Rfc1
Rb8 15. b3 b5 16. bxc4 bxc4 17. Ne4 Nxe4 18. Bxe4 Be6 19. Qc2 Qh5 20. Bg2 Rb4
21. Rab1 Rb6 22. Bf1 Qc5 23. Bxc4 Qxc4 24. Qxc4 Bxc4 25. Rxb6 axb6 26. Rxc4 c5
27. Kf1 Ra8 28. a4 Kf8 29. Ke2 Ke7 30. Kd3 Kd6 31. Kc3 Kc6 32. Rf4 Ra7 33. h4 b5
34. axb5+ Kxb5 35. Rf5 f6 36. g4 Re7 37. g5 fxg5 38. hxg5 g6 39. Rf8 Re5 40. Rf7
Rxg5 41. Rxh7 Rg2 42. Rg7 Rxf2 1/2-1/2

[Event "85th ch-GER 2014"]
[Site "Verden an der Aller GER"]
[Date "2014.11.21"]
[Round "1.14"]
[White "Schild, Christoph"]
[Black "Grigorian, Spartak"]
[Result "1-0"]
[WhiteTitle "FM"]
[WhiteElo "2424"]
[BlackElo "2244"]
[WhiteFideId "4637089"]
[BlackFideId "24661490"]
[EventDate "2014.11.21"]

1. Nf3 d5 2. c4 c6 3. e3 Nf6 4. Nc3 g6 5. d4 Bg7 6. Be2 O-O 7. O-O Re8 8. Ne5
Ne4 9. cxd5 Nxc3 10. bxc3 Bxe5 11. dxe5 Qxd5 12. Qd4 Nd7 13. f4 Nb6 14. Rd1 Be6
15. Qb4 c5 16. Qb1 Bf5 17. Rxd5 Bxb1 18. Rxc5 Be4 19. a4 Rac8 20. Rxc8 Rxc8 21.
a5 Nd5 22. c4 Nb4 23. Bd2 Nd3 24. Ra3 Rd8 25. Bc3 Nc1 26. Bg4 h5 27. Ra1 Nb3 28.
Rd1 Rd3 29. Rxd3 Bxd3 30. Bc8 Nc5 31. Bb4 b6 32. Bxc5 bxc5 33. Ba6 Kg7 34. Kf2
f6 35. exf6+ Kxf6 36. Ke1 Ke6 37. Kd2 Bf1 38. g3 Kf5 39. Bc8+ Ke4 40. Be6 Kf3
41. Bf7 Kg2 42. Bxg6 Kxh2 43. Ke1 Bxc4 44. Kf2 Kh3 45. Bxh5 Bd3 46. Be8 Bf5 47.
Bb5 Kg4 48. Be2+ Kh3 49. Bc4 Kg4 50. Bd5 Bd3 51. Be6+ Kh5 52. g4+ Kh4 53. Ke1
Bb5 54. Kd2 Bc6 55. Kc3 1-0

[Event "85th ch-GER 2014"]
[Site "Verden an der Aller GER"]
[Date "2014.11.21"]
[Round "1.15"]
[White "Zehnter, Sebastian"]
[Black "Breutigam, Martin"]
[Result "1-0"]
[BlackTitle "IM"]
[WhiteElo "2237"]
[BlackElo "2409"]
[WhiteFideId "24608670"]
[BlackFideId "4601840"]
[EventDate "2014.11.21"]

1. d4 d5 2. c4 c6 3. Nc3 Nf6 4. e3 Bg4 5. Qb3 Qb6 6. Qxb6 axb6 7. cxd5 Nxd5 8.
Nxd5 cxd5 9. Bd2 Nc6 10. Bb5 Bd7 11. Ne2 e6 12. O-O Na5 13. Nc3 Bc6 14. Rfe1 Bb4
15. Bd3 O-O 16. Red1 Be7 17. Rac1 Nc4 18. Bxc4 dxc4 19. a3 Rfd8 20. Ne2 b5 21.
Bc3 h5 22. f3 f5 23. Kf2 Kf7 24. Rd2 g5 25. h3 Rg8 26. Rh1 Rad8 27. Bb4 Bf6 28.
Bc5 Rg7 29. Nc3 g4 30. hxg4 hxg4 31. e4 gxf3 32. gxf3 Rdg8 33. Ke1 Rg1+ 34. Rxg1
Rxg1+ 35. Kf2 Rg8 36. Ke1 Bh4+ 37. Kd1 Rg1+ 38. Kc2 Rf1 39. d5 exd5 40. exd5 Bd7
41. Rh2 Bg5 42. Ne2 Bf6 43. Rh7+ Ke8 44. Rh6 Be5 45. f4 Bg7 46. Rh7 Bf6 47. Ng3
Re1 48. Nh5 Be7 49. Rxe7+ Rxe7 50. Bxe7 Kxe7 51. Kc3 Kd6 52. Kd4 Be8 53. Ng3 Bg6
54. Nf1 Bf7 55. Ne3 Bg6 56. a4 c3 57. axb5 cxb2 58. Nc4+ Kd7 59. Nxb2 Bh5 60. b6
Be2 61. Ke5 1-0

[Event "85th ch-GER 2014"]
[Site "Verden an der Aller GER"]
[Date "2014.11.21"]
[Round "1.16"]
[White "Gutman, Lev"]
[Black "Schulz, Michael1"]
[Result "1-0"]
[WhiteTitle "GM"]
[BlackTitle "FM"]
[WhiteElo "2408"]
[BlackElo "2233"]
[WhiteFideId "4600177"]
[BlackFideId "4616731"]
[EventDate "2014.11.21"]

1. d4 Nf6 2. Nf3 c5 3. dxc5 Na6 4. Be3 e6 5. g3 Nxc5 6. Bg2 d5 7. O-O Be7 8. c4
O-O 9. Nc3 Nce4 10. Nxe4 Nxe4 11. cxd5 exd5 12. Qb3 Qa5 13. Rfd1 Be6 14. Nd4 Nc5
15. Qb5 Qa4 16. b3 Qa6 17. Rac1 Rac8 18. Qxa6 Nxa6 19. Nb5 Nb4 20. Nxa7 Rxc1 21.
Rxc1 Nxa2 22. Rc7 Bf6 23. Nb5 d4 24. Bxd4 Bd8 25. Rxb7 Bxb3 26. Bc5 Nc1 27. Nd4
Bc4 28. Bxf8 Kxf8 29. Rb8 1-0

[Event "85th ch-GER 2014"]
[Site "Verden an der Aller GER"]
[Date "2014.11.21"]
[Round "1.17"]
[White "Plischki, Sebastian"]
[Black "Krallmann, Matthias"]
[Result "1-0"]
[WhiteTitle "IM"]
[BlackTitle "FM"]
[WhiteElo "2396"]
[BlackElo "2221"]
[WhiteFideId "4637143"]
[BlackFideId "4613848"]
[EventDate "2014.11.21"]

1. c4 c6 2. Nf3 d5 3. e3 Nf6 4. Nc3 a6 5. d4 Bf5 6. Qb3 Ra7 7. cxd5 cxd5 8. Ne5
e6 9. Be2 h6 10. Bd2 Nbd7 11. Nxd7 Nxd7 12. O-O Be7 13. Rfc1 O-O 14. Na4 b5 15.
Nc5 Qb6 16. Bb4 Nb8 17. Nd3 Bxb4 18. Qxb4 Bxd3 19. Bxd3 Rc7 20. Bh7+ Kxh7 21.
Qxf8 a5 22. Rxc7 Qxc7 23. Qc5 Qxc5 24. dxc5 Nc6 25. f4 g6 26. e4 d4 27. a4 b4
28. Kf2 1-0

[Event "85th ch-GER 2014"]
[Site "Verden an der Aller GER"]
[Date "2014.11.21"]
[Round "1.18"]
[White "Kabisch, Thilo"]
[Black "Boidman, Yuri"]
[Result "1-0"]
[BlackTitle "IM"]
[WhiteElo "2204"]
[BlackElo "2393"]
[WhiteFideId "4603745"]
[BlackFideId "4643992"]
[EventDate "2014.11.21"]

1. e4 c5 2. Nf3 d6 3. d4 cxd4 4. Nxd4 Nf6 5. Nc3 Nc6 6. Bc4 e6 7. a3 Be7 8. Ba2
O-O 9. O-O Qc7 10. Kh1 Nxd4 11. Qxd4 Qc5 12. Qd3 Bd7 13. f4 a6 14. f5 Rad8 15.
Be3 Qa5 16. Bd4 exf5 17. exf5 Bc6 18. Rae1 Rd7 19. Re3 Bd8 20. Rg3 Re8 21. Qd2
Nh5 22. Rh3 Nf6 23. Qg5 Kh8 24. Bxf6 Bxf6 25. Qh5 h6 26. Bxf7 Re5 27. Be6 Re7
28. Qg6 R7xe6 29. fxe6 Rg5 30. Rxh6+ gxh6 31. Qxf6+ Kh7 32. Rf2 Qe5 33. Qxe5
Rxe5 34. Re2 Kg7 35. Rxe5 dxe5 36. Kg1 Kf6 37. Kf2 Kxe6 38. g4 Kf6 39. Kg3 Kg5
40. Nd1 Bd7 41. Ne3 Bc6 42. b4 Be4 43. c4 Bc6 44. h4+ Kf6 45. c5 Be4 46. Nc4 Ke6
47. Nd6 Kd5 48. Kf2 Kd4 49. h5 Bd5 50. Nf5+ Ke4 51. Nxh6 Kf4 52. Nf5 1-0

[Event "85th ch-GER 2014"]
[Site "Verden an der Aller GER"]
[Date "2014.11.21"]
[Round "1.19"]
[White "Kalinitschew, Sergey"]
[Black "Kuersten, Ruediger"]
[Result "1-0"]
[WhiteTitle "GM"]
[WhiteElo "2392"]
[BlackElo "2179"]
[WhiteFideId "4637321"]
[BlackFideId "24605816"]
[EventDate "2014.11.21"]

1. c4 c6 2. e4 d5 3. exd5 Nf6 4. Nc3 cxd5 5. cxd5 g6 6. Nf3 Bg7 7. Bc4 O-O 8.
O-O Nbd7 9. d3 a6 10. a4 b6 11. Re1 Bb7 12. Qe2 Re8 13. d4 Nf8 14. Ne5 e6 15.
dxe6 Nxe6 16. Nxf7 Kxf7 17. Bxe6+ Kf8 18. b3 Bh8 19. Qe3 Ng8 20. d5 Bf6 21. Ba3+
Kg7 22. Rad1 Ne7 23. Qd3 Qc7 24. Ne4 Nxd5 25. Bxd5 Bxd5 26. Nxf6 Rxe1+ 27. Rxe1 1-0

[Event "85th ch-GER 2014"]
[Site "Verden an der Aller GER"]
[Date "2014.11.21"]
[Round "1.20"]
[White "Keymer, Vincent"]
[Black "Thiel, Thomas"]
[Result "1/2-1/2"]
[BlackTitle "FM"]
[WhiteElo "2116"]
[BlackElo "2323"]
[WhiteFideId "12940690"]
[BlackFideId "4615964"]
[EventDate "2014.11.21"]

1. d4 d5 2. c4 c6 3. Nc3 Nf6 4. e3 g6 5. Nf3 Bg7 6. b3 O-O 7. Bb2 c5 8. cxd5
cxd4 9. Nxd4 Nxd5 10. Rc1 Nb4 11. Bc4 a6 12. a3 N4c6 13. Ne4 Nxd4 14. Bxd4 Bxd4
15. exd4 b5 16. Be2 Bb7 17. Bf3 Bxe4 18. Bxe4 Ra7 19. b4 Rd7 20. d5 e6 21. O-O
exd5 22. Bd3 Rc7 23. Qd2 Rxc1 24. Rxc1 Qd6 25. Be4 Rd8 26. Bf3 Nc6 27. Rc5 Ne5
28. Be2 Nc4 29. Qd3 d4 30. g3 Nb2 31. Qd2 Na4 32. Rc1 Nc3 33. Bf1 Qf6 34. Re1
Kg7 35. Qd3 h5 36. h4 Rd5 37. f4 Rd6 38. Re5 Rd5 39. Re1 Na4 40. Kf2 Nb2 41. Qb3
Nc4 42. Bxc4 bxc4 43. Qxc4 Qf5 44. Ke2 Rd6 45. Qc5 Qf6 46. Rd1 Kh7 47. Rd3 Qe6+
48. Kd1 Qe4 49. Qc4 Qh1+ 50. Kd2 Qg2+ 51. Kd1 Kg7 52. Qc5 Rd5 53. Qc4 Qf1+ 54.
Kd2 Rd6 55. Qc5 Qg2+ 56. Kd1 Rd5 57. Qc4 Kh7 58. Qc7 Kg7 1/2-1/2

[Event "85th ch-GER 2014"]
[Site "Verden an der Aller GER"]
[Date "2014.11.21"]
[Round "1.21"]
[White "Bodrozic, Tomislav"]
[Black "Reimche, Vadim"]
[Result "1-0"]
[WhiteElo "2322"]
[BlackElo "2084"]
[WhiteFideId "24630993"]
[BlackFideId "4642422"]
[EventDate "2014.11.21"]

1. e4 c5 2. Nf3 Nc6 3. Bb5 g6 4. Bxc6 dxc6 5. d3 Bg7 6. h3 e5 7. Be3 b6 8. Nbd2
Ne7 9. Nc4 Qc7 10. a4 O-O 11. a5 Be6 12. b3 b5 13. Ncd2 c4 14. bxc4 bxc4 15.
Nxc4 Bxc4 16. dxc4 Rfd8 17. Qc1 c5 18. Qa3 Nc6 19. Nd2 Nd4 20. Ra2 f5 21. f3 Bf6
22. O-O f4 23. Bxd4 Rxd4 24. Nb1 Bh4 25. Nc3 Rd2 26. Nd5 Qd8 27. Qc1 Rd4 28. c3
Rxc4 29. Qc2 Qc8 1-0

[Event "85th ch-GER 2014"]
[Site "Verden an der Aller GER"]
[Date "2014.11.21"]
[Round "1.22"]
[White "Mueller, Oliver"]
[Black "Graf, Felix"]
[Result "0-1"]
[WhiteTitle "FM"]
[BlackTitle "IM"]
[WhiteElo "2258"]
[BlackElo "2476"]
[WhiteFideId "4633385"]
[BlackFideId "24608904"]
[EventDate "2014.11.21"]

1. d4 d5 2. c4 c6 3. Nf3 Nf6 4. e3 Bf5 5. Nc3 e6 6. Nh4 Bg6 7. Nxg6 hxg6 8. Qb3
Qc7 9. g3 Nbd7 10. Bg2 Be7 11. Bd2 Nb6 12. cxd5 exd5 13. O-O Qd7 14. Rfe1 Nc4
15. Rad1 Nxd2 16. Rxd2 O-O 17. e4 dxe4 18. Nxe4 Rfe8 19. Nxf6+ Bxf6 20. Red1 Re7
21. d5 Rae8 22. Kf1 cxd5 23. Qxd5 Qa4 24. Bf3 g5 25. b3 Qa6+ 26. Qd3 Qe6 27. Kg2
g4 28. Bd5 Qe5 29. Bc4 Qh5 30. Qf1 g6 31. Rd7 Kg7 32. Rxe7 Rxe7 33. Kg1 Qa5 34.
a4 Bd4 35. Qd3 Bb6 36. Qd6 Qf5 37. Qf4 Qxf4 38. gxf4 Re4 39. Rd7 Rxf4 40. Rxb7
Bxf2+ 41. Kg2 Be3 42. a5 g5 43. a6 Kg6 44. Re7 Bd4 45. Rd7 f5 46. Rd6+ Kg7 47.
Re6 Rf2+ 48. Kg3 Rf3+ 49. Kg2 f4 50. Re2 Rh3 51. Kf1 f3 52. Re7+ Kf6 53. Re6+
Kf5 54. Rd6 g3 0-1

[Event "85th ch-GER 2014"]
[Site "Verden an der Aller GER"]
[Date "2014.11.22"]
[Round "2.1"]
[White "Fridman, Daniel"]
[Black "Schild, Christoph"]
[Result "1-0"]
[WhiteTitle "GM"]
[BlackTitle "FM"]
[WhiteElo "2639"]
[BlackElo "2424"]
[WhiteFideId "11600454"]
[BlackFideId "4637089"]
[EventDate "2014.11.21"]

1. Nf3 Nf6 2. c4 e6 3. Nc3 Bb4 4. g4 O-O 5. g5 Bxc3 6. dxc3 Ne8 7. Bg2 Qe7 8. h4
Nc6 9. h5 f5 10. Nh4 f4 11. e3 Qxg5 12. exf4 Qc5 13. Qd3 Ne7 14. Be3 Qd6 15. Qe2
Nf5 16. Nxf5 Rxf5 17. Be4 Rf7 18. h6 g6 19. Qc2 Rf5 20. c5 Qf8 21. O-O-O Qf7 22.
Bxf5 exf5 23. Rhe1 c6 24. Bd4 Nc7 25. Qe2 Ne6 26. Qe5 Kf8 27. Qh8+ Qg8 28. Qf6+
Qf7 29. Rxe6 1-0